000 00229nam a2200097Ia 4500
008 240625s9999 xx 000 0 und d
041 _aeng
100 _aLINUX FOR YOU
245 _aWORKING IN A VIRTUAL WORLD DISC 2
260 _c2007
999 _c33798
_d33798